| 000 | 01212nam a2200241Ia 4500 | ||
|---|---|---|---|
| 999 |
_c52682 _d52682 |
||
| 001 | 19706 | ||
| 003 | GE_BSU | ||
| 005 | 20200330202429.0 | ||
| 008 | 181216s1970||||ge |||||||||||||| ||geo|| | ||
| 040 | _cGE_BSU | ||
| 041 | _ageo | ||
| 080 | _a811.353.1+ 821.353.1.09 ღ-73 | ||
| 100 |
_aღლონტი, შალვა _97834 |
||
| 245 |
_aენისა და პოეტიკის საკითხები : _b[ნ. ბარათაშვილის, მ. ჯავახიშვილის და ი. გოგებაშვილის მაგალითზე] / _cშალვა ღლონტი ; რედ. ა ჟორდანია. |
||
| 264 |
_aთბილისი : _bგანათლება, _c1970. |
||
| 300 |
_a151გვ. ; _c20 სმ |
||
| 541 | _h48თ. | ||
| 653 | _aენისა და პოეტიკის საკითხები | ||
| 653 | _aქართული ლიტერატურის ისტორია და კრიტიკა | ||
| 653 | _a ქართული სალიტერატურო ენა | ||
| 700 |
_aჟორდანია, ა. _eრედაქტორი _94681 |
||
| 942 |
_cBK _2udc |
||